00350 a2200133 4500003000500000005001700005040000900022082000800031100002600039245008700065260003200152300001100184650002100195Nust20170207171534.0 cNust a006 aGlenstrup, Arne John  aOptimised design and analysis of all-optical networks (EBOOK)cArne John Glenstrup aDenmarkbTele Danmarkc2002 a304 P. aOptical networks